Composição florística do Parque Nacional Serra da Capivara, Piauí, Brasil (Registro n. 328025)
[ somente texto ]
| 000 -LÍDER | |
|---|---|
| fixed length control field | 03937nab a2200265 i 4500 |
| 003 - CÓDIGO MARC DA AGÊNCIA CATALOGADORA | |
| Campo de controle | BR-BrBNA |
| 005 - DATA E HORA DA ÚLTIMA ATUALIZAÇÃO | |
| Campo de controle | 20241010100500.0 |
| 008 - CAMPO DE TAMANHO FIXO | |
| fixed length control field | 241010b2004 bl.qr|pooa||| 00| 0 por | |
| 040 ## - FONTE DA CATALOGAÇÃO | |
| Agência catalogadora | BR-BrBNA |
| Idioma da catalogação | por |
| 072 ## - CATEGORIA AGRIS | |
| Código AGRIS | F70 |
| 100 ## - ENTRADA PRINCIPAL - NOME PESSOAL | |
| Nome pessoal | Lemos, Jesus Rodrigues |
| 245 ## - TÍTULO PRINCIPAL | |
| Título principal | Composição florística do Parque Nacional Serra da Capivara, Piauí, Brasil |
| 500 ## - NOTA GERAL | |
| Nota geral | Publicação on-line; 24 ref.; 1 tables; Summaries (En, Pt) |
| 942 ## - ADDED ENTRY ELEMENTS (KOHA) | |
| Koha item type | Analítica |
| 520 ## - NOTA DE RESUMO | |
| Nota de conteúdo | <br/><br/>RESUMO<br/><br/><br/>(Composição florística do Parque Nacional Serra da Capivara, Piauí, Brasil) Dos grandes biomas brasileiros, <br/>a caatinga é um dos mais desconhecidos do ponto de vista florístico e fitogeográfico. No Piauí, este bioma reveste cerca de<br/>37% do seu território, apresentando uma única Unidade de Conservação, o Parque Nacional Serra da Capivara. Este<br/>trabalho objetivou listar as espécies coletadas na área do Parque. Para isso, foi realizado um levantamento do material <br/>coletado na região, depositado no Herbário Graziela Barroso da Universidade Federal do Piauí TEPB/UFPI,<br/>acrescidos de material resultante de coletas realizadas em duas unidades geomorfológicas (sedimentar e cristalino) no<br/>período de dois anos. Foram registradas um total de 210 espécies distribuídas em 149 gêneros e 62 famílias. As famílias<br/>com maior riqueza foram Caesalpiniaceae, Fabaceae, Mimosaceae, Bignoniaceae, Euphorbiaceae e Myrtaceae com<br/>46% das espécies. Verificou-se que a heterogeneidade do ambiente físico influencia na distribuição das espécies nos<br/>diferentes biótopos da região. No que se refere à região semi-árida como um todo, observou-se que, com exceção<br/>de um pequeno grupo de espécies, há semelhança florística entre a área de estudo com outras áreas de caatinga<br/>do semi-árido nordestino, quer sejam instaladas em terrenos sedimentares ou sobre o embasamento cristalino.<br/><br/>Palavras-chave: semi-árido, caatinga, flora, Piauí, Serra da Capivara. |
| 520 ## - NOTA DE RESUMO | |
| Nota de conteúdo | <br/><br/>ABSTRACT<br/><br/>(Floristic composition of Serra da Capivara National Park, Piauí, Brazil) Of the great Brazilian biomes, the caatinga is one<br/>of the most poorly known from the floristic and phytogeografic point of view. In Piauí state, this biome covers<br/>about 37% of its territory, with only one conservation unit, the Serra da Capivara National Park. This work aims at<br/>listing the species collected in the Park area. With that objective, a survey was made of the material collected in the<br/>area deposited in the Herbarium Graziela Barroso of the Universidade Federal do Piauí TEPB/UFPI, in adittion to<br/>samples resultant from collection in two geomorphologic units (sedimentary lands and crystalline soil) during a two<br/>year period. It was registered a total of 210 species distributed in 149 genus and 62 families. The families with greater<br/>diversity were Caesalpiniaceae, Fabaceae, Mimosaceae, Bignoniaceae, Euphorbiaceae and Myrtaceae totalling 46% of<br/>the species. It was verified that the heterogeneity of the physical environment influences in the distribution of species in<br/>the different biotypes of the area. As far as the semi-arid region as a whole is concerned, it was observed that,<br/>except for a small group of species, there is floristic similarity between the study area with other areas of caatinga<br/>in Brazils Northeastern native semi-arid, whether installed in sedimentary lands or on crystalline soil.<br/><br/>Key-words: semi-arid, caatinga, flora, Piauí state, Serra da Capivara. |
| 650 ## - ASSUNTO - THESAGRO | |
| Cabeçalho tópico ou nome geográfico | CAATINGA |
| 650 ## - ASSUNTO - THESAGRO | |
| Cabeçalho tópico ou nome geográfico | FLORA |
| 650 ## - ASSUNTO - THESAGRO | |
| Cabeçalho tópico ou nome geográfico | SEMI-ÁRIDO |
| 650 ## - ASSUNTO - THESAGRO | |
| Cabeçalho tópico ou nome geográfico | PIAUÍ |
| 650 ## - ASSUNTO - THESAGRO | |
| Cabeçalho tópico ou nome geográfico | SERRA DA CAPIVARA |
| 773 0# - ENTRADA ANALÍTICA | |
| Host Biblionumber | 709 |
| Registro do item | 345195 |
| Imprenta | Rio de Janeiro-RJ Jardim Botanico do Rio de Janeiro 1935 |
| Outro identificador | 2024-5688 |
| Título | Rodriguésia (Brazil) |
| ISSN | 0370-6583; 2175-7860 on-line |
| Colação | v. 55(85) p. 55-66; (2004) |
| Número de controle de registro | BR2024003227 |
| 856 ## - ACESSO E ENDEREÇO ELETRÔNICO | |
| Identificador uniforme de recurso - URI | https://www.scielo.br/j/rod/a/R6ZxcfYFwQvk45PBP7463rL/?format=pdf&lang=pt |
Nenhum exemplar disponível.

BINAGRI